Vyučovanie matematiky využitím informačných a komunikačných technológií

Uložené v:
Podrobná bibliografia
Hlavný autor: Belasová, Jana
Ďalší autori: Ulbrichtová, Andrea
Médium: Kapitola
Jazyk:Slovak
Predmet:
Tagy: Pridať tag
Žiadne tagy, Buďte prvý, kto otaguje tento záznam!

MARC

LEADER 00000naa$a2200000$$$4500
001 0064913
005 20240502071750.6
041 0 |a slo 
044 |a SK 
245 1 0 |a Vyučovanie matematiky využitím informačných a komunikačných technológií  |c Jana Belasová, Andrea Ulbrichtová 
500 |a Abstrakt 
610 2 0 |a technológie informačné 
610 2 0 |a technológie komunikačné 
610 2 0 |a vyučovanie 
610 2 0 |a matematika 
100 1 |a Belasová, Jana 
700 1 |a Ulbrichtová, Andrea